|
|
|
|
| LEADER |
00000nab a2200000 ar4500 |
| 001 |
vtls009087967 |
| 003 |
SK-MaSNL |
| 005 |
20260303063601.0 |
| 008 |
070820c2007 xo mr|p|||||||000 b|slo |
| 015 |
|
|
|a SNBRB2007/08
|2 snkbucl
|
| 038 |
|
|
|a SNKBUCL
|
| 040 |
|
|
|a SNKBUCL
|b slo
|c SNKBUCL
|e AACR2
|
| 041 |
0 |
|
|a slo
|
| 044 |
|
|
|a xo
|c SK
|
| 080 |
|
|
|a 379.822(437.6)
|2 1997
|
| 100 |
1 |
|
|a Michnica, Jozef
|4 aut
|9 6897
|
| 245 |
1 |
0 |
|a Nová atrakcia pod Staroľubovnianskym hradom
|c Jozef Michnica
|
| 300 |
|
|
|b Fotogr.
|
| 650 |
0 |
7 |
|a kultúrne podujatia
|2 snkbucl
|9 71676
|
| 650 |
0 |
7 |
|a vojenský historický tábor
|2 snkbucl
|9 1060997
|
| 651 |
|
7 |
|a Stará Ľubovňa (Slovensko)
|2 snkbucl
|9 19193
|
| 773 |
0 |
|
|t Národná osveta
|g Roč. XVII, č. 6-7 (2007), s. 23-25
|x 1335-4515
|
| 852 |
|
|
|a SNK
|b KIS3GCP
|
| 958 |
|
|
|a SK
|
| 999 |
|
|
|c 1743621
|d 1745551
|